Community and nation : (Record no. 10073)

MARC details
000 -LEADER
fixed length control field 03716 a2200469 4500
005 - DATE AND TIME OF LATEST TRANSACTION
control field 20090520113038.0
008 - FIXED-LENGTH DATA ELEMENTS--GENERAL INFORMATION
fixed length control field 090520t xxu||||| |||| 00| 0 eng d
010 ## - LCCN (DPL NO)
LC control number ENG-89123 B-310745-746, B-311415-418, B-317323-325
020 ## - INTERNATIONAL STANDARD BOOK NUMBER
International Standard Book Number 9780195693003
Terms of availability 595.00
020 ## - INTERNATIONAL STANDARD BOOK NUMBER
International Standard Book Number 0195693000
Terms of availability 595.00
035 ## - SYSTEM CONTROL NUMBER
System control number EN-72656
035 ## - SYSTEM CONTROL NUMBER
System control number B-310745-746
035 ## - SYSTEM CONTROL NUMBER
System control number B-311415-418
035 ## - SYSTEM CONTROL NUMBER
System control number B-317323-325
035 ## - SYSTEM CONTROL NUMBER
System control number B-359127
037 ## - SOURCE OF ACQUISITION
Source of stock number/acquisition DBAD / PUB
037 ## - SOURCE OF ACQUISITION
Source of stock number/acquisition Pansy Books
040 ## - CATALOGING SOURCE
Original cataloging agency dpl
Language of cataloging English
082 ## - DEWEY DECIMAL CLASSIFICATION NUMBER
Classification number 954.5
100 ## - MAIN ENTRY--PERSONAL NAME
Personal name Ghosh, Papiya
245 ## - TITLE STATEMENT
Title Community and nation :
Remainder of title essays on identity and politics in Eastern India /
Statement of responsibility, etc by Papiya Ghosh with an introduction by Biswamoy Pati
260 ## - PUBLICATION, DISTRIBUTION, ETC. (IMPRINT)
Place of publication, distribution, etc New Delhi
Name of publisher, distributor, etc Oxford University Press
Date of publication, distribution, etc 2008
270 ## - ADDRESS
Address YMCA Library Building, Jai Singh Road
City New Delhi
Postal code 110 001
300 ## - PHYSICAL DESCRIPTION
Extent xxii, 218p.
Dimensions 23cm(Hb)
500 ## - GENERAL NOTE
General note Includes bibliographical references and index
942 ## - ADDED ENTRY ELEMENTS (KOHA)
Institution code [OBSOLETE] dpl
Item type English Books
Source of classification or shelving scheme Dewey Decimal Classification
Classification part 954.5
Call number suffix GHO
Holdings
Withdrawn status Lost status Source of classification or shelving scheme Damaged status Not for loan Home library Current library Date acquired Cost, normal purchase price Total Checkouts Barcode Date last seen Cost, replacement price Koha item type Collection code Source of acquisition Full call number Copy number Public note
    Dewey Decimal Classification     Bawana Bawana 20/05/2009 595.00   B-317324 20/05/2009 595.00 English Books Non-fiction UBS/8554/6.2.09/248/12.12.08/12.2.09 954.5 GHO 1  
Written off   Dewey Decimal Classification     Central Library Central Library 20/05/2009 595.00   B-310745 20/05/2009 595.00 English Books Non-fiction UBS/8487/12.1.09/248/12.12.08/13.1.09 954.5 GHO 1 W/d List No. 6860/23 ; dtd 05/08/2020
    Dewey Decimal Classification     Andrews Gunj D.B.Act.Division 01/10/2008 595.00   EN-72656 15/09/2008 595.00 English Books          
    Dewey Decimal Classification     Sarojini Nagar Janak Puri 20/05/2009 595.00 1 B-311417 20/03/2010 595.00 English Books Non-fiction UBS/8510/19.1.09/248/12.12.08/20.1.09 954.5 GHO 1  
    Dewey Decimal Classification     Janak Puri Janak Puri 01/10/2009 595.00 1 B-359127 02/03/2010 595.00 English Books Non-fiction Pansy Books/942/29.9.09/92/4.9.09/29.9.09 954.5 GHO 1  
    Dewey Decimal Classification     Karol Bagh Karol Bagh 20/05/2009 595.00   B-311418 20/05/2009 595.00 English Books Non-fiction UBS/8510/19.1.09/248/12.12.08/20.1.09 954.5 GHO 1  
    Dewey Decimal Classification     Kasturba Gandhi Marg Kasturba Gandhi Marg 20/05/2009 595.00   B-311415 20/05/2009 595.00 English Books Non-fiction UBS/8510/19.1.09/248/12.12.08/20.1.09 954.5 GHO 1  
    Dewey Decimal Classification     Narela Narela 20/05/2009 595.00   B-317323 20/05/2009 595.00 English Books Non-fiction UBS/8554/6.2.09/248/12.12.08/12.2.09 954.5 GHO 1  
    Dewey Decimal Classification     Patel Nagar Patel Nagar 20/05/2009 595.00   B-310746 20/05/2009 595.00 English Books Non-fiction UBS/8487/12.1.09/248/12.12.08/13.1.09 954.5 GHO 1  
    Dewey Decimal Classification     Peshwa Road Peshwa Road 20/05/2009 595.00   B-311416 20/05/2009 595.00 English Books Non-fiction UBS/8510/19.1.09/248/12.12.08/20.1.09 954.5 GHO 1  
    Dewey Decimal Classification     Shahdara Branch Shahdara Branch 20/05/2009 595.00   B-317325 20/05/2009 595.00 English Books Non-fiction UBS/8554/6.2.09/248/12.12.08/12.2.09 954.5 GHO 1  

© Delhi Public Library
Hit Counter
free hit counter